Normal view MARC view

Entry Kişi Adı

Number of records used in: 2

001 - CONTROL NUMBER

  • control field: 665

003 - CONTROL NUMBER IDENTIFIER

  • control field: OSt

005 - DATE AND TIME OF LATEST TRANSACTION

  • control field: 20191016091235.0

008 - FIXED-LENGTH DATA ELEMENTS

  • fixed length control field: 170807|| aca||aabn | a|a d

040 ## - CATALOGING SOURCE

  • Original cataloging agency: OSt
  • Transcribing agency: OSt

100 ## - HEADING--PERSONAL NAME

  • Personal name: Usta, Bülent

This software was implemented, installed and managed by Devinim Software Training Consulting .